|
|
|
|
| LEADER |
01797nam a2200469 a 4500 |
| 001 |
nkc20122430894 |
| 003 |
CZ PrNK |
| 005 |
20130902150610.0 |
| 007 |
ta |
| 008 |
121204s2010 xr a e f 000 0 cze |
| 015 |
|
|
|a cnb002430894
|
| 020 |
|
|
|a 978-80-904868-1-2
|q (brož.)
|
| 035 |
|
|
|a (OCoLC)859736766
|
| 040 |
|
|
|a BOA001
|b cze
|
| 043 |
|
|
|a e-xr---
|
| 072 |
|
7 |
|a 502
|x Životní prostředí a jeho ochrana
|2 Konspekt
|9 2
|
| 080 |
|
|
|a 502.2:625.711.6
|2 MRF
|
| 080 |
|
|
|a 625.711.6:908
|2 MRF
|
| 080 |
|
|
|a (437.3)
|2 MRF
|
| 080 |
|
|
|a (072)
|2 MRF
|
| 080 |
|
|
|a (078.7)
|2 MRF
|
| 100 |
1 |
|
|a Ptáček, Ladislav
|7 xx0018179
|4 aut
|
| 245 |
1 |
0 |
|a Příklady dobré praxe v interpretaci místního dědictví /
|c Ladislav Ptáček
|
| 260 |
|
|
|a [Slavonice] :
|b Slavonická renesanční,
|c c2010
|
| 300 |
|
|
|a 28 s. :
|b barev. il. ;
|c 30 cm
|
| 500 |
|
|
|a Název z obálky
|
| 504 |
|
|
|a Obsahuje bibliografické odkazy
|
| 650 |
0 |
7 |
|a naučné stezky
|7 ph115423
|z Česko
|2 czenas
|
| 650 |
0 |
7 |
|a vlastivědné stezky
|7 ph137845
|z Česko
|2 czenas
|
| 650 |
0 |
9 |
|a nature and education trails
|z Czechia
|2 eczenas
|
| 650 |
0 |
9 |
|a regional greenways and trails
|z Czechia
|2 eczenas
|
| 655 |
|
7 |
|a metodické příručky
|7 fd132826
|2 czenas
|
| 655 |
|
7 |
|a případové studie
|7 fd133208
|2 czenas
|
| 655 |
|
9 |
|a methodological manuals
|2 eczenas
|
| 655 |
|
9 |
|a case studies
|2 eczenas
|
| 856 |
4 |
1 |
|u http://www.digitalniknihovna.cz/mzk/uuid/uuid:5a9e6d30-b028-11e4-a7a2-005056827e51
|y Digitalizovaný dokument
|x NDK
|
| 910 |
2 |
|
|a BOA001
|b 4-1295.774
|
| 990 |
|
|
|a BK
|
| 995 |
|
|
|a 01
|
| 991 |
|
|
|b 201301
|e n
|
| 996 |
6 |
|
|b 2610533718
|c 4-1295.774
|l MZK
|r Sklad / do 1 hodiny
|n 2
|p p.v.
|w 001304200
|u 000010
|a 1
|e BOA001
|j MZK50
|s P
|
| 996 |
7 |
|
|b 2610533719
|c 4-1295.774
|l MZK
|r Sklad / do 1 hodiny
|n 14
|p p.v.
|w 001304200
|u 000020
|a 1
|e BOA001
|j MZK50
|s A
|